172 & 174 Camden Road Villas (Record no. 116638)

MARC details
000 -LEADER
fixed length control field 00965cam a22002055a 4500
001 - CONTROL NUMBER
control field L141167
008 - FIXED-LENGTH DATA ELEMENTS--GENERAL INFORMATION
fixed length control field 071031s1867 xxk eng u
035 ## - SYSTEM CONTROL NUMBER
System control number (Sirsi) u141167
041 0# - LANGUAGE CODE
Language code of text/sound track or separate title eng
100 1# - MAIN ENTRY--PERSONAL NAME
Personal name Booth, Abraham
245 00 - TITLE STATEMENT
Title 172 & 174 Camden Road Villas
Remainder of title the particulars and conditions of sale of a pair of semi-detached villa residences with good gardens and coach house and stable, situate and being nos. 172 & 174 Camden Road, corner of Camden Square...which will be sold by auction by Mr Abraham Booth at the New Auction Mart, Tokenhouse Yard on Wednesday March 20th 1867...
260 ## - PUBLICATION, DISTRIBUTION, ETC.
Place of publication, distribution, etc. S.l.
Name of publisher, distributor, etc. s.n.
Date of publication, distribution, etc. [1867]
300 ## - PHYSICAL DESCRIPTION
Extent 2 leaves
Dimensions 42 x 27 cm., folded to 27 x 21 cm.
340 ## - PHYSICAL MEDIUM
Material base and configuration Printed
351 ## - ORGANIZATION AND ARRANGEMENT OF MATERIALS
Hierarchical level Single item
500 ## - GENERAL NOTE
General note Item is annotated in ink 'Proof for correction and approval of Mr Browns solrs.'.
651 4# - SUBJECT ADDED ENTRY--GEOGRAPHIC NAME
Geographic name London
690 ## - LOCAL SUBJECT ADDED ENTRY--TOPICAL TERM (OCLC, RLIN)
Topical term or geographic name as entry element PROPERTY-PROPERTY ACQUISITION AND DISPOSAL-ACQUISITION AND DISPOSAL AT AUCTION
942 ## - ADDED ENTRY ELEMENTS (KOHA)
Suppress in OPAC 0
Holdings
Withdrawn status Lost status Source of classification or shelving scheme Damaged status Not for loan Home library Current library Shelving location Date acquired Total Checkouts Full call number Barcode Date last seen Copy number Price effective from Koha item type
    Dewey Decimal Classification     London London Basement 31/10/2007   BASEMENT BOX 5 141167-1001 06/08/2019 1 06/08/2019 Archive